Soviet Dissent in Historical Perspective (Record no. 577629)

MARC details
000 -LEADER
fixed length control field 01697nam a2200169Ia 4500
008 - FIXED-LENGTH DATA ELEMENTS--GENERAL INFORMATION
fixed length control field 250728s9999 xx 000 0 und d
020 ## - INTERNATIONAL STANDARD BOOK NUMBER
ISBN 9780521100991
082 ## - DEWEY DECIMAL CLASSIFICATION NUMBER
Classification number 947.085
Item number SHA
100 ## - MAIN ENTRY--AUTHOR NAME
Personal name Shatz, Marshall S.
245 #0 - TITLE STATEMENT
Title Soviet Dissent in Historical Perspective
260 ## - PUBLICATION, DISTRIBUTION, ETC. (IMPRINT)
Name of publisher Cambridge University Press
Year of publication 2009
300 ## - PHYSICAL DESCRIPTION
Number of Pages No Page Count pages
500 ## - GENERAL NOTE
General note This book places the dissent movement in the Soviet Union within the framework of modern Russian history. Professor Shatz outlines the historical and geographical conditions that led to a pattern of autocratic rule in Russia, and traces the sources of dissent in both tsarist and Soviet Russia. Professor Shatz examines the relationship between the Russian state and the educated classes from Peter the Great to the time of the book's first publication in 1980, explaining why the educated elite was the source of dissidents throughout the period. Autobiographical and literary sources are emphasized in an effort to determine the personal roots of dissent in Russia. Professor Shatz explores the family life, education, and life experience of dissidents in an attempt to explain why they became nonconformists or rebels. The first half of the book is an historical overview, dealing with Russia from Peter the Great to Stalin. The second half traces in greater detail the development of Soviet dissent from Stalin's death to the latter part of the twentieth century, contending that Soviet dissent, although it had its own unique characteristics, was the product of a pattern of development Russia has been following since the eighteenth century.
650 ## - SUBJECT ADDED ENTRY--TOPICAL TERM
Topical Term Political Science
942 ## - ADDED ENTRY ELEMENTS (KOHA)
Koha item type English Books
Holdings
Withdrawn status Lost status Damaged status Not for loan Home library Current library Shelving location Date acquired Full call number Accession Number Price effective from Koha item type
        Anna Centenary Library Anna Centenary Library 7TH FLOOR, B WING 28.07.2025 947.085 SHA 234286 28.07.2025 English Books

Find us on the map